000 00611nam a2200181Ia 4500
008 151018s9999 xx 000 0 und d
082 _bRBASDV41233
_a891.433
100 _aसुदर्शन भाटीया
245 _aमहर्षी अरविंद
250 _b1
260 _bराजकुमार एड सन्स
_c2005
300 _a231
600 _aसुदर्शन भाटीया
630 _aमहर्षी अरविंद
700 _aसुदर्शन भाटीया
730 _aमहर्षी अरविंद
942 _cBOOK
999 _c1040505
_d1040502